000 00799cam9a220022900 4500
001 qce00299677
005 20190830105538.0
008 790517s1974 ilua 001 0 eng d
035 _a(Sirsi) r26559
035 _a(QCAT)lss02340636
035 _a(UPRA)qce00299677
040 _dUPRA
100 1 _aMiller, Julius Sumner.
_6A90318.1
245 1 0 _aPhysics fun and demonstrations /
_cwith Julius Sumner Miller ; edited, with an introduction and prefatory notes, by Rocci C. Blasi.
250 _a2nd ed.
260 _aChicago :
_bCentral Scientific Co.,
_cc1974.
500 _aIncludes index.
650 0 _aPhysics -- Experiments.
_xPhysics -- Experiments.
_6S29349.1
700 1 _aBlasi, Rocci C.
_6A90319.1
949 _aQC33
_wlcc
_i33729000251277
_mMAIN
_p2500
_tBOOK
_lON-SHELF
004 26559
999 _c186958
_d186957